|
|
|
|
| LEADER |
01101nab#a2200373#ar4500 |
| 001 |
000045521 |
| 003 |
SVKKK |
| 005 |
20061024100548.0 |
| 008 |
030729c1999 xo e sloo |
| FMT |
|
|
|
| 015 |
|
|
|a SNBRB1999/09-19497
|
| 038 |
|
|
|a SVKKK
|
| 040 |
|
|
|a SVKKK
|b slo
|e AACR2
|
| 041 |
0 |
|
|a slo
|b eng
|
| 044 |
|
|
|a xo
|c SK
|
| 080 |
|
|
|a 553.411(234.372.3)
|2 1981
|
| 100 |
1 |
|
|a Kyselica, Miloš
|4 aut
|
| 245 |
1 |
0 |
|a Morfológia a chemické zloženie zlata v rozsypoch veporika
|c Miloš Kyselica, Pavel Hvožďara
|
| 300 |
|
|
|b Fotogr., obr.
|
| 504 |
|
|
|a Bibliogr. odkazy
|
| 504 |
|
|
|a Res. angl.
|
| 650 |
0 |
4 |
|a zlato
|x veporikum
|x morfológia
|z Kokava nad Rimavicou (Slovensko)
|
| 651 |
|
4 |
|a Kokava nad Rimavicou (Slovensko)
|x zlato
|
| 651 |
|
4 |
|a Lovinobaňa (Slovensko)
|x zlato
|
| 651 |
|
4 |
|a Podrečany (Slovensko)
|x zlato
|
| 651 |
|
4 |
|a Točnica (Slovensko)
|x zlato
|
| 700 |
1 |
|
|a Hvožďara, Pavel
|4 aut
|
| 773 |
0 |
|
|t Mineralia slovaca
|x 0369-2086
|g Roč. 31, č. 3-4 (1999), s. 320-322
|
| 958 |
|
|
|a NB
|
| 958 |
|
|
|a SK
|
| 974 |
|
|
|a 244
|d 19990810
|
| 992 |
|
|
|a RBX
|
| BAS |
|
|
|
| 998 |
|
|
|a GEO
|